<?xml version="1.0" encoding="UTF-8"?><?xml-stylesheet type="text/xsl" href="static/style.xsl"?><OAI-PMH xmlns="http://www.openarchives.org/OAI/2.0/" xmlns:xsi="http://www.w3.org/2001/XMLSchema-instance" xsi:schemaLocation="http://www.openarchives.org/OAI/2.0/ http://www.openarchives.org/OAI/2.0/OAI-PMH.xsd"><responseDate>2026-04-17T15:19:29Z</responseDate><request verb="GetRecord" identifier="oai:www.recercat.cat:10256/1319" metadataPrefix="marc">https://recercat.cat/oai/request</request><GetRecord><record><header><identifier>oai:recercat.cat:10256/1319</identifier><datestamp>2024-11-19T08:46:24Z</datestamp><setSpec>com_2072_452955</setSpec><setSpec>com_2072_2054</setSpec><setSpec>col_2072_453066</setSpec></header><metadata><record xmlns="http://www.loc.gov/MARC21/slim" xmlns:dcterms="http://purl.org/dc/terms/" xmlns:xsi="http://www.w3.org/2001/XMLSchema-instance" xmlns:doc="http://www.lyncode.com/xoai" xsi:schemaLocation="http://www.loc.gov/MARC21/slim http://www.loc.gov/standards/marcxml/schema/MARC21slim.xsd">
   <leader>00925njm 22002777a 4500</leader>
   <datafield ind2=" " ind1=" " tag="042">
      <subfield code="a">dc</subfield>
   </datafield>
   <datafield ind2=" " ind1=" " tag="720">
      <subfield code="a">Ribas Palom, Anna</subfield>
      <subfield code="e">author</subfield>
   </datafield>
   <datafield ind2=" " ind1=" " tag="260">
      <subfield code="c">1993</subfield>
   </datafield>
   <datafield ind2=" " ind1=" " tag="520">
      <subfield code="a">Grup de Recerca Medi Ambient i Tecnologies de la Informació Geogràfica</subfield>
   </datafield>
   <datafield ind2=" " ind1=" " tag="520">
      <subfield code="a">En aquest article ens proposem estudiar, des d'una perspectiva històrica, un dels&#xd;
aspectes de la problemàtica mediambiental que més afecten les societats humanes materialment&#xd;
i emotiva: les catàstrofes naturals i, més concretament, les inundacions fluvials.&#xd;
L'hmbit d'estudi escollit és Girona, ciutat on la complexa hidrologia de superfície (quatre&#xd;
rius, el Ter, l'Onyar, el Güell i el Galligans, a més d'altres cursos menors d'aigua,&#xd;
travessen la ciutat) i, sobretot, la vulnerabilitat creixent de la societat gironina al risc&#xd;
d'avingudes com a resultat de la important ocupació de les planes al.luvials, han fet de&#xd;
les inundacions una constant histbrica de la qual tenim multitud d'exemples des que&#xd;
existeixen documents escrits</subfield>
   </datafield>
   <datafield ind1="8" ind2=" " tag="024">
      <subfield code="a">http://hdl.handle.net/10256/1319</subfield>
   </datafield>
   <datafield tag="653" ind2=" " ind1=" ">
      <subfield code="a">Catàstrofes naturals</subfield>
   </datafield>
   <datafield tag="653" ind2=" " ind1=" ">
      <subfield code="a">Inundacions</subfield>
   </datafield>
   <datafield tag="653" ind2=" " ind1=" ">
      <subfield code="a">Natural disasters</subfield>
   </datafield>
   <datafield tag="653" ind2=" " ind1=" ">
      <subfield code="a">Floods</subfield>
   </datafield>
   <datafield ind2="0" ind1="0" tag="245">
      <subfield code="a">Vulnerabilitat i adaptació al risc d'inundació a la ciutat de Girona: una perspectiva històrica</subfield>
   </datafield>
</record></metadata></record></GetRecord></OAI-PMH>